000 006200000a22002290004500
003 LK-CoMWRAF
005 20240319104757.0
008 230817t2001 ||||| |||| 00| 0 eng d
020 _a8125910735
040 _aLK-CoMWRAF
_dLK-CoMWRAF
_eLK-CoMWRAF
041 _aeng
082 _a658.3
_bCHA
100 _aChaudhuri, Arindam
245 _aCount your chickens before they hatch
260 _aNew Delhi :
_bVikas publishing house Pvt Ltd.
_c2001
300 _axiii.,192 p.
650 _a Conduct of life
650 _aLeadership
650 _aSuccess
650 _aEthics (philosophical concept)
942 _cBK
999 _c2246
_d2246